Facial analysis from continuous video with applications to human-computer interface (Record no. 69964)
[ view plain ]
| 000 -LEADER | |
|---|---|
| fixed length control field | 01529nam a22003614a 4500 |
| 082 04 - DEWEY DECIMAL CLASSIFICATION NUMBER | |
| Classification number | 004/.01/9 |
| 100 1# - MAIN ENTRY--AUTHOR NAME | |
| Personal name | Colmenarez, Antonio J. |
| 245 10 - TITLE STATEMENT | |
| Title | Facial analysis from continuous video with applications to human-computer interface |
| 260 ## - PUBLICATION, DISTRIBUTION, ETC. (IMPRINT) | |
| Place of publication | Boston : |
| Name of publisher | Kluwer Academic Publishers, |
| Year of publication | 2004. |
| 300 ## - PHYSICAL DESCRIPTION | |
| Number of Pages | xxiv, 134 p. : |
| Other physical details | ill. |
| 490 1# - SERIES STATEMENT | |
| Series statement | Kluwer international series on biometrics ; |
| 650 #0 - SUBJECT ADDED ENTRY--TOPICAL TERM | |
| Topical Term | Human-computer interaction. |
| Topical Term | Image processing |
| Topical Term | Computer vision. |
| 700 1# - ADDED ENTRY--PERSONAL NAME | |
| Personal name | Xiong, Ziyou. |
| Personal name | Huang, Thomas S., |
| 856 40 - ELECTRONIC LOCATION AND ACCESS | |
| Uniform Resource Identifier | http://site.ebrary.com/lib/rucke/Doc?id=10088556 |
No items available.
